| 000 | 01833cam a2200397 i 4500 | ||
|---|---|---|---|
| 001 | 23325354 | ||
| 003 | OSt | ||
| 005 | 20231214160138.0 | ||
| 008 | 230921s2017 njua b 001 0 eng | ||
| 010 | _a 2023302525 | ||
| 020 |
_a9781119443766 _q(loose leaf) |
||
| 020 |
_a9781119256007 _q(BRV) |
||
| 020 |
_a9781119375753 _q(EVAL) |
||
| 020 |
_z9781119377924 _q(epub) |
||
| 040 |
_aDLC _beng _erda _cDLC |
||
| 042 | _apcc | ||
| 050 | 0 | 0 |
_aQA371 _b.B773 2017 |
| 082 |
_a515.35 _bBOY/E |
||
| 100 |
_aBoyce, William E _eauthor _93879 |
||
| 245 | 1 | 0 |
_aElementary differential equations and boundary value problems / _cWilliam E. Boyce (Edward P. Hamilton Professor Emeritus, Department of Mathematical Sciences, Rensselaer Polytechnic Institute), Richard C. DiPrima (formerly Eliza Ricketts Foundation Professor, Department of Mathematical Sciences, Rensselaer Polytechnic Institute), Douglas B. Meade (Department of Mathematics, University of South Carolina, Columbia). |
| 250 | _aEleventh edition. | ||
| 264 | 1 |
_aHoboken, NJ : _bWiley, _c[2017] |
|
| 300 |
_axii, 610 pages : _billustrations (some color) ; _c28 cm |
||
| 336 |
_atext _btxt _2rdacontent |
||
| 337 |
_aunmediated _bn _2rdamedia |
||
| 338 |
_avolume _bnc _2rdacarrier |
||
| 500 | _aPreceded by: Elementary differential equations and boundary value problems / William E. Boyce, Richard C. DiPrima. Tenth edition. [2012]. | ||
| 504 | _aIncludes bibliographical references and index. | ||
| 650 | 0 | _aDifferential equations. | |
| 650 | 0 | _aBoundary value problems. | |
| 700 | 1 |
_aDiPrima, Richard C., _eauthor |
|
| 700 | 1 |
_aMeade, Douglas B., _eauthor |
|
| 906 |
_a7 _bcbc _corignew _d2 _encip _f20 _gy-gencatlg |
||
| 942 |
_2ddc _cBK _h515.35 _iBOY/E _k515.35 _mBOY/E |
||
| 999 |
_c44226 _d44226 |
||